The Impact of Soft Tools of EU Rule of Law on Member States: The Case of Spain
Cieľom tohto článku je analyzovať interakciu medzi Európskou komisiou a členským štátom, Španielskom, pri presadzovaní zásad právneho štátu. Ide o prípad Generálnej súdnej rady (Consejo General del Poder Judicial, CGPJ), ktorej zloženie nebolo päť rokov obnovené v dôsledku nezhôd medzi hlavnými poli...
Uložené v:
| Hlavný autor: | |
|---|---|
| Médium: | Kapitola |
| Jazyk: | English |
| Predmet: | |
| Tagy: |
Žiadne tagy, Buďte prvý, kto otaguje tento záznam!
|
MARC
| LEADER | 00000naa a2200000 4500 | ||
|---|---|---|---|
| 001 | 0302848 | ||
| 005 | 20240627102242.4 | ||
| 041 | 0 | |a eng | |
| 044 | |a SK | ||
| 245 | 1 | 0 | |a The Impact of Soft Tools of EU Rule of Law on Member States: The Case of Spain |c Petra Měšťánková |
| 520 | |a Cieľom tohto článku je analyzovať interakciu medzi Európskou komisiou a členským štátom, Španielskom, pri presadzovaní zásad právneho štátu. Ide o prípad Generálnej súdnej rady (Consejo General del Poder Judicial, CGPJ), ktorej zloženie nebolo päť rokov obnovené v dôsledku nezhôd medzi hlavnými politickými stranami, Ľudovou stranou (Partido Popular, PP) a Španielska socialistická robotnícka strana (Partido Socialista Obrero Español, PSOE). | ||
| 610 | 2 | 0 | |a právo |
| 610 | 2 | 0 | |a súdnictvo |
| 610 | 2 | 0 | |a Európska únia |
| 610 | 2 | 0 | |a Španielsko |
| 610 | 2 | 0 | |a štát právny |
| 100 | 1 | |a Měšťánková, Petra | |